000 02239nam a22002777a 4500
008 251020b |||||||| |||| 00| 0 eng d
020 _a9782021583632
040 _cTBS
041 _afre
050 _aPQ3919.3
_b.J43Q56 2023
100 _aJean, Michel
_d1960-
_926214
_eauthor
245 _a Qimmik
_c/ Michel Jean.
260 _aMontreal :
_bLes Éditions Libre Expression,
_c2023.
300 _a219 pages :
_billustrations, maps (black and white) ;
_c22 cm.
520 _aDepuis cinq mille ans, l'inuktitut et le jappement des qimmiit résonnent dans le Nunavik. La vie y est cruelle. Mais c'est ce qui la rend belle. Précieuse. » Entre la taïga et la toundra, un jeune couple inuit du Nunavik se découvre et apprend à s'aimer. Accompagnés de leurs chiens, les qimmiit, Saullu et Ulaajuk parcourent un continent encore sauvage, tous libres et solidaires. Quelques décennies plus tard, une avocate est dépêchée sur la Côte-Nord pour défendre un meurtrier inuk dont les victimes sont d'anciens policiers de la Sécurité du Québec. Sa quête de justice l'emmènera au-delà de ce qu'elle avait imaginé.
520 _aFor five thousand years, Inuktitut and the yapping of the qimmiit have resonated in Nunavik. Life there is cruel. But that's what makes it beautiful. Precious." Between the taiga and the tundra, a young Inuit couple from Nunavik discover each other and learn to love each other. Accompanied by their dogs, the qimmiit, Saullu and Ulaajuk travel across a still wild continent, all free and united. A few decades later, a lawyer is dispatched to the North Shore to defend an Inuk murderer whose victims are former Quebec Security police officers. Her quest for justice will take her beyond what she had imagined.
650 0 _aInuit
_zCanada
_vFiction
_926215
650 0 _aMurder
_xInvestigation
_zQuébec (Province)
_vFiction
_926216
650 0 _aSled dogs
_vFiction
_926217
650 0 _aSerial murderers
_zQuébec (Province)
_vFiction
_926218
650 0 _aPolice
_zQuébec (Province)
_xAssassination
_vFiction
_926219
650 0 _aHuman-animal relationships
_zQuébec (Province)
_vFiction
_926220
655 0 _aDetective and mystery fiction
_923664
655 0 _aHistorical fiction
_922722
942 _2lcc
999 _c5065
_d5065